<?xml version="1.0" encoding="UTF-8"?>
<collection xmlns="http://www.loc.gov/MARC21/slim">
 <record>
  <leader>00695nam a22001575a 4500</leader>
  <controlfield tag="001">EEA.libagro003994</controlfield>
  <controlfield tag="005">20190426112031.0</controlfield>
  <controlfield tag="008">130809s1986####ag#a##########000#0#spa#d</controlfield>
  <datafield tag="082" ind1="0" ind2="4">
   <subfield code="a">631.478272</subfield>
  </datafield>
  <datafield tag="100" ind1="1" ind2=" ">
   <subfield code="a">González Díaz, Emilio F.</subfield>
  </datafield>
  <datafield tag="245" ind1="1" ind2="0">
   <subfield code="a">Relevamiento y prioritación de áreas con posibilidades de riego. Expte. nº 181 :</subfield>
   <subfield code="b">Estudio regional de suelos, geomorfología de la provincia de Neuquén /</subfield>
   <subfield code="c">Emilio F. González Díaz, José Alberto Ferrer.</subfield>
  </datafield>
  <datafield tag="260" ind1=" " ind2=" ">
   <subfield code="a">Buenos Aires :</subfield>
   <subfield code="b">CFI,</subfield>
   <subfield code="c">1986.</subfield>
  </datafield>
  <datafield tag="300" ind1=" " ind2=" ">
   <subfield code="a">111 p. :</subfield>
   <subfield code="b">il. ;</subfield>
   <subfield code="c">30 cm. +</subfield>
   <subfield code="e">planos.</subfield>
  </datafield>
  <datafield tag="700" ind1="1" ind2=" ">
   <subfield code="a">Ferrer, José Alberto.</subfield>
  </datafield>
  <datafield tag="710" ind1="2" ind2=" ">
   <subfield code="a">Consejo Federal de Inversiones (Argentina)</subfield>
  </datafield>
  <datafield tag="859" ind1=" " ind2=" ">
   <subfield code="a">AR-BbBCA</subfield>
   <subfield code="b">BIB. AGRONOMIA</subfield>
   <subfield code="h">631.478272</subfield>
   <subfield code="i">G643</subfield>
   <subfield code="p">1988/1232</subfield>
  </datafield>
 </record>
</collection>
